Datum a čas kvízu
33
Celkem bodů
Celkový počet nahraných bodů na tomto kvízu bez doplňovacích otázek.
4.
Pořadí na kvízu
Konečné umístění týmu na tomto kvízu.
Zaznamenané odpovědi
| # | Otázka | Odpověď | Body | Výsledky |
|---|---|---|---|---|
| 1. | Minulý týden se publicista a ř... | kvůli alkoholu | 0 | |
| 2. | Oblíbená turistická atrakce, 6... | v Krakově | 1 | |
| 3. | Ministerstvo kultury učinilo d... | C) česká pivní kultura | 1 | |
| 4. | Jak se nazývá zvířecí znamení... | had | 1 | |
| 5. | Minulý týden proběhl v estonsk... | v krasobruslení | 1 | |
| 6. | Začneme největšími společnými... | Poupata, Michal David | 1 | |
| 7. | Napište anglický dvouslovný ná... | step aerobic | 1 | |
| 8. | Tato cvičební metoda se snaží... | Pilates | 1 | |
| 9. | Bikram jóga je speciální druh... | C) cvičí se v sále vyhřátém na 42 °C | 1 | |
| 10. | Tato žena se narodila v roce 1... | Jane Fonda | 1 |